[Event "Wch U10"]
[Site "Batumi"]
[Date "2022.09.24"]
[Round "8"]
[White "Amangeldy, Ramazan"]
[Black "Shanidze, Nikoloz"]
[Result "1/2-1/2"]
[WhiteElo "1316"]
[BlackElo "1139"]
[PlyCount "57"]
[EventDate "2022.09.16"]
[EventType "swiss"]
[EventRounds "11"]
[EventCountry "GEO"]
[SourceTitle "EXT 2023"]
[Source "ChessBase"]
[SourceDate "2022.10.05"]
[SourceVersion "1"]
[SourceVersionDate "2022.10.05"]
[SourceQuality "1"]

1. e4 e5 2. Nf3 Nc6 3. Bc4 Bc5 4. d3 Nf6 5. Bb3 d6 6. c3 Bg4 7. Nbd2 Qd7 8. h3 Bh5 9. Nf1 0-0-0 10. Ng3 Bg6 11. Qe2 Rhe8 12. Bg5 h6 13. Bxf6 gxf6 14. Nh4 Ne7 15. 0-0 f5 16. Ngxf5 Nxf5 17. exf5 Bxf5 18. Nxf5 Qxf5 19. Qe4 Qxe4 20. dxe4 Re7 21. Rad1 c6 22. Rd3 Red7 23. Rfd1 d5 24. Kf1 d4 25. f4 dxc3 26. Rxd7 Rxd7 27. Rxd7 Kxd7 28. bxc3 exf4 29. Bxf7 1/2-1/2

[Event "Wch U10"]
[Site "Batumi"]
[Date "2022.09.21"]
[Round "6"]
[White "Amangeldy, Ramazan"]
[Black "Yang, Maxwell"]
[Result "1/2-1/2"]
[WhiteElo "1316"]
[BlackElo "1641"]
[PlyCount "111"]
[EventDate "2022.09.16"]
[EventType "swiss"]
[EventRounds "11"]
[EventCountry "GEO"]
[SourceTitle "EXT 2023"]
[Source "ChessBase"]
[SourceDate "2022.10.05"]
[SourceVersion "1"]
[SourceVersionDate "2022.10.05"]
[SourceQuality "1"]

1. e4 c5 2. d4 cxd4 3. c3 Nf6 4. e5 Nd5 5. cxd4 d6 6. Nf3 Nc6 7. Nc3 dxe5 8. dxe5 Nxc3 9. Qxd8+ Kxd8 10. bxc3 h6 11. Bf4 g5 12. 0-0-0+ Ke8 13. Bg3 Bg4 14. h4 gxh4 15. Rxh4 h5 16. Bb5 e6 17. Rhh1 a6 18. Ba4 Bh6+ 19. Kb1 b5 20. Bb3 Bg7 21. Rhe1 h4 22. Bf4 h3 23. Rd6 hxg2 24. Ng1 Rc8 25. f3 Bf5+ 26. Kb2 Rh1 27. Rdd1 Rd8 28. Rxd8+ Kxd8 29. Bg5+ Kc7 30. f4 Bd3 31. Bf6 Bxf6 32. exf6 Bf1 33. Nf3 g1Q 34. Nxg1 Rxg1 35. Bxe6 Rg2+ 36. Ka1 Bc4 37. Bxc4 bxc4 38. Re4 Rg6 39. Rxc4 Rxf6 40. Re4 Re6 41. Ra4 Kb6 42. Kb2 Re2+ 43. Kb1 Kb5 44. Ra3 Rf2 45. Rb3+ Kc5 46. Ra3 a5 47. Ra4 Re2 48. Ra3 Re4 49. f5 a4 50. Kc2 Na7 51. c4 Rxc4+ 52. Kd2 Rf4 53. Ke3 Kb4 54. Rxa4+ Kxa4 55. Kxf4 Nc6 56. Kg5 1/2-1/2

[Event "Wch U10"]
[Site "Batumi"]
[Date "2022.09.19"]
[Round "4"]
[White "Amangeldy, Ramazan"]
[Black "Botiraliev, Abdumajid"]
[Result "0-1"]
[WhiteElo "1316"]
[BlackElo "1762"]
[PlyCount "25"]
[EventDate "2022.09.16"]
[EventType "swiss"]
[EventRounds "11"]
[EventCountry "GEO"]
[SourceTitle "EXT 2023"]
[Source "ChessBase"]
[SourceDate "2022.10.05"]
[SourceVersion "1"]
[SourceVersionDate "2022.10.05"]
[SourceQuality "1"]

1. e4 Nf6 2. e5 Nd5 3. c4 Nb6 4. a4 d6 5. a5 N6d7 6. exd6 cxd6 7. d4 e5 8. Bd3 g6 9. h4 Nf6 10. dxe5 dxe5 11. Nf3 Bg4 12. Qc2 Nc6 13. Be3 0-1

[Event "Aktobe U14 op"]
[Site "Aqtobe"]
[Date "2022.06.17"]
[Round "5"]
[White "Amangeldy, Ramazan"]
[Black "Baiture, Temirlan"]
[Result "0-1"]
[WhiteElo "1241"]
[BlackElo "1409"]
[PlyCount "114"]
[EventDate "2022.06.14"]
[EventType "swiss"]
[EventRounds "9"]
[EventCountry "KAZ"]
[SourceTitle "EXT 2023"]
[Source "ChessBase"]
[SourceDate "2022.10.05"]
[SourceVersion "1"]
[SourceVersionDate "2022.10.05"]
[SourceQuality "1"]

1. e4 c5 2. d4 cxd4 3. c3 Nf6 4. e5 Nd5 5. cxd4 e6 6. Nf3 b6 7. Nc3 Nxc3 8. bxc3 Qc7 9. Bd2 Be7 10. Bd3 Ba6 11. Be4 Nc6 12. h4 h6 13. Rc1 Bc4 14. Bf4 0-0-0 15. Bd3 Na5 16. Bxc4 Qxc4 17. Nd2 Qd5 18. Qf3 g5 19. Qxd5 exd5 20. Bg3 Kb7 21. h5 Rc8 22. Ke2 Nc4 23. Nxc4 Rxc4 24. Kd3 Rhc8 25. Rc2 b5 26. Rb1 b4 27. Rb3 a5 28. a4 Bd8 29. f3 Bb6 30. Bf2 R8c6 31. Be3 bxc3 32. Rcxc3 Rxa4 33. Rc5 Rb4 34. Rxb4 axb4 35. Rxd5 Rc3+ 36. Kd2 Kc7 37. Rb5 Rb3 38. Rd5 Rb2+ 39. Kc1 Rxg2 40. Rd6 Re2 41. Bd2 b3 42. Bb4 Rc2+ 43. Kb1 Rc4 44. Bc5 Bxc5 45. dxc5 Rxc5 46. Rxh6 Rxe5 47. Rf6 Re2 48. Rxf7 Rh2 49. Rh7 Rh3 50. Kb2 Kd6 51. Kxb3 g4 52. Rf7 Ke6 53. Rg7 gxf3 54. Rg6+ Kf7 55. Rg5 f2+ 56. Rg3 Rxg3+ 57. Kb4 f1Q 0-1

[Event "Eastern Asia-ch U08"]
[Site "Tornelo INT"]
[Date "2021.10.29"]
[Round "6"]
[White "Parithi Narayan, SI."]
[Black "Amangeldy, Ramazan"]
[Result "1-0"]
[WhiteElo "1016"]
[BlackElo "1171"]
[PlyCount "125"]
[EventDate "2021.10.29"]
[EventType "swiss"]
[EventRounds "9"]
[EventCountry "NET"]
[SourceTitle "EXT 2023"]
[Source "ChessBase"]
[SourceDate "2022.10.05"]
[SourceVersion "1"]
[SourceVersionDate "2022.10.05"]
[SourceQuality "1"]

1. e4 e5 2. Nf3 Nc6 3. Bc4 Bc5 4. 0-0 Nf6 5. d3 0-0 6. Nc3 h6 7. Be3 Be7 8. Nd5 Ng4 9. h3 Nxe3 10. fxe3 Bg5 11. Nxg5 Qxg5 12. Qf3 d6 13. Nxc7 Rb8 14. Nb5 Kh8 15. Nxd6 Bd7 16. Nxf7+ Rxf7 17. Bxf7 Rf8 18. g4 Be6 19. Qg3 Rxf7 20. Rxf7 Bxf7 21. h4 Qg6 22. Rf1 Be6 23. g5 Bxa2 24. b3 Nb4 25. Rf8+ Kh7 26. Rf5 Nxc2 27. Rf2 Bxb3 28. Qxe5 Nxe3 29. Qd4 Ng4 30. Rg2 Qh5 31. e5 Be6 32. Qe4+ Kh8 33. Qxb7 hxg5 34. hxg5 Nxe5 35. Rh2 Bh3 36. Qb8+ Kh7 37. Qxe5 Qd1+ 38. Kf2 Qd2+ 39. Qe2 Qf4+ 40. Kg1 Qg3+ 41. Kh1 g6 42. Qe7+ Kg8 43. Qe8+ Kg7 44. Qe7+ Kg8 45. Qd8+ Kg7 46. Qd4+ Kg8 47. Qd5+ Kg7 48. Qb7+ Kg8 49. Qa8+ Kg7 50. Qxa7+ Kg8 51. Qa2+ Kg7 52. Qb2+ Kg8 53. Qb3+ Kg7 54. Qc3+ Kg8 55. Qc4+ Kg7 56. Qd4+ Kg8 57. Qd5+ Kg7 58. Re2 Qxg5 59. Qxg5 Kf7 60. Re7+ Kf8 61. Qf6+ Kg8 62. Qxg6+ Kf8 63. Qe8# 1-0